Ballads and narrative poems / (Record no. 18867)
[ view plain ]
| 000 -LEADER | |
|---|---|
| fixed length control field | 00679nam a2200229 a 4500 |
| 001 - CONTROL NUMBER | |
| control field | 18867 |
| 003 - CONTROL NUMBER IDENTIFIER | |
| rucl marc code | BD-RjUL |
| 005 - DATE AND TIME OF LATEST TRANSACTION | |
| control field | 20211209000340.0 |
| 008 - FIXED-LENGTH DATA ELEMENTS--GENERAL INFORMATION | |
| fixed length control field | 140222s1949 enk 000 1 eng d |
| 035 ## - SYSTEM CONTROL NUMBER | |
| System control number | (BD-RjUL)18925 |
| 040 ## - CATALOGING SOURCE | |
| Original cataloging agency | UkOxU |
| Language of cataloging | eng |
| Transcribing agency | UkOxU |
| Modifying agency | BD-RjUL |
| 041 ## - LANGUAGE CODE | |
| Language code of text/sound track or separate title | eng |
| 082 ## - DEWEY DECIMAL CLASSIFICATION NUMBER | |
| Classification number | 821.04 |
| Author mark and year | BAL 1949 |
| 245 00 - TITLE STATEMENT | |
| Title | Ballads and narrative poems / |
| Statement of responsibility, etc. | compiled and edited by T.W. Moles |
| 260 ## - PUBLICATION, DISTRIBUTION, ETC. (IMPRINT) | |
| Place of publication, distribution, etc. | London : |
| Name of publisher, distributor, etc. | Longmans, Green and co, |
| Date of publication, distribution, etc. | 1949. |
| 300 ## - PHYSICAL DESCRIPTION | |
| Pagination | xv, 176 p. ; |
| Size | 17 cm |
| 500 ## - GENERAL NOTE | |
| General note | "New impression July 1941" |
| 650 #0 - SUBJECT ADDED ENTRY--TOPICAL TERM | |
| Topical term or geographic name as entry element | Poetry |
| Form subdivision | Collections. |
| 9 (RLIN) | 55181 |
| 700 1# - ADDED ENTRY--PERSONAL NAME | |
| Personal name | Moles, T. W. |
| 830 #0 - SERIES ADDED ENTRY--UNIFORM TITLE | |
| Uniform title | Heritage and literature series |
| 942 ## - ADDED ENTRY ELEMENTS (KOHA) | |
| Source of classification or shelving scheme | Dewey Decimal Classification |
| Koha item type | Books |
| Lost status | Source of classification or shelving scheme | Damaged status | Not for loan | Permanent Location | Current Location | Shelving location | Date acquired | Source of acquisition | Cost, normal purchase price | Total Checkouts | Full call number | Date last seen | Copy number | Koha item type | Collection code |
|---|---|---|---|---|---|---|---|---|---|---|---|---|---|---|---|
| Dewey Decimal Classification | Not For Loan | Central Library, University of Rajshahi | Central Library, University of Rajshahi | Reading Room | Australia. | 0.00 | 821.04 BAL 1949 | 22/02/2014 | C-1 | Books | |||||
| Dewey Decimal Classification | Not For Loan | Central Library, University of Rajshahi | Central Library, University of Rajshahi | Reading Room | 20/10/1955 | Mohiuddin & Sons | 3.10 | 821.04 BAL 1954 | 24/02/2014 | C-2 | Books | Fiction |